Nubian letters.

محفوظ في:

مؤلف مشترك: International Society for Nubian Studies.

التنسيق: كتاب

اللغة: English

الموضوعات:

الوسوم: إضافة وسم

لا توجد وسوم, كن أول من يضع وسما على هذه التسجيلة!

رقم الطلب: (J)DT129 .N5

LEADER 01044nam a22003137a 4500
003 OSt
005 20251029092226.0
008 251029c19839999ne g 000 0 eng d
035 |a ocm18411127 
040 |c ARCE Library 
043 |a f-ua--- 
050 1 4 |a (J)DT129  |b .N5 
245 0 0 |a Nubian letters. 
264 1 |a The Hague :  |b [International Society for Nubian Studies],  |c 1983- 
300 |a volumes ;  |c 21 cm. 
310 |a Semiannual 
336 |a text  |b txt  |2 rdacontent 
337 |a unmediated  |b n  |2 rdamedia 
338 |a volume  |b nc  |2 rdacarrier 
362 0 |a 1 (1983)- 
500 |a Published under the auspices of the International Society for Nubian Studies at the University of Leiden, Netherlands. 
651 0 |a Nubia  |x Antiquities  |v Periodicals. 
710 2 |a International Society for Nubian Studies. 
907 |a .b23986530  |b 02-08-08  |c 01-30-08 
942 |c JL  |2 lcc 
945 |a NL  |g 1  |i mq198288  |l 1arce  |o z  |p $0.00  |q    |r    |s w  |t 0  |u 0  |v 0  |w 0  |x 0  |y .i31060742  |z 02-04-08 
949 |a NL  |l arcesim 
998 |b 01-30-08  |c s  |d -  |i 1 
999 |c 36  |d 36